[Event "SVK-chT3B2 2122"]
[Site "Slovakia"]
[Date "2022.05.22"]
[Round "11.7"]
[White "Kupcov, Nela"]
[Black "Ulicky, Jan"]
[Result "0-1"]
[WhiteElo "1000"]
[BlackElo "1500"]
[PlyCount "54"]
[EventDate "2021.10.24"]
[EventType "team-tourn"]
[EventRounds "11"]
[EventCountry "SVK"]
[SourceTitle "EXT 2024"]
[Source "ChessBase"]
[SourceDate "2023.10.10"]
[SourceVersion "1"]
[SourceVersionDate "2023.10.10"]
[SourceQuality "1"]
[WhiteTeam "Puchov Vcielka"]
[BlackTeam "Handlova"]
[WhiteTeamCountry "SVK"]
[BlackTeamCountry "SVK"]

1. e4 e5 2. Bc4 Nf6 3. Nc3 c6 4. Nf3 d6 5. 0-0 Be7 6. d3 0-0 7. Ng5 d5 8. exd5 cxd5 9. Bb5 a6 10. Ba4 Ng4 11. f3 Bc5+ 12. d4 Bxd4+ 13. Kh1 Ne3 14. Bxe3 Bxe3 15. Nh3 b5 16. Bb3 d4 17. Nd5 Be6 18. Nxe3 Bxb3 19. axb3 dxe3 20. Qxd8 Rxd8 21. Rfd1 Nc6 22. Ng5 e2 23. Re1 Rd2 24. Ne4 Rxc2 25. Rab1 Rd8 26. Red1 Rxd1+ 27. Rxd1 exd1Q# 0-1

[Event "SVK-chT3B2 1920"]
[Site "Slovakia"]
[Date "2019.10.06"]
[Round "1.8"]
[White "Ulicky, Jan"]
[Black "Duda, Daniel"]
[Result "1-0"]
[WhiteElo "1496"]
[BlackElo "1498"]
[PlyCount "65"]
[EventDate "2019.10.06"]
[EventType "team-tourn"]
[EventRounds "11"]
[EventCountry "SVK"]
[SourceTitle "CBM 193 Extra"]
[Source "ChessBase"]
[SourceDate "2020.01.31"]
[SourceVersion "1"]
[SourceVersionDate "2020.01.31"]
[SourceQuality "1"]
[WhiteTeam "Handlova"]
[BlackTeam "Dubnica nad Vahom IV"]
[WhiteTeamCountry "SVK"]
[BlackTeamCountry "SVK"]

1. e4 c6 2. Nf3 d5 3. exd5 cxd5 4. d4 Nc6 5. Be2 Nf6 6. 0-0 Bg4 7. c3 e6 8. Ne5 Bxe2 9. Qxe2 Bd6 10. Bg5 0-0 11. Nd2 Qc7 12. f4 Rae8 13. Rae1 Ne4 14. Bh4 f6 15. Nxe4 dxe4 16. Nxc6 Qxc6 17. Qxe4 Qb6 18. Re2 Rf7 19. f5 e5 20. Bf2 Qa6 21. b3 Rfe7 22. Rfe1 Kf8 23. d5 Qa5 24. c4 Bb4 25. Rd1 Rd7 26. Rc2 Bc5 27. Kf1 Bxf2 28. Rxf2 b6 29. Rd3 b5 30. c5 Qa3 31. Rc2 h6 32. b4 Qa4 33. Rb3 1-0

[Event "SVK-chT3B2 1516"]
[Site "Slovakia"]
[Date "2015.11.15"]
[Round "2.8"]
[White "Ulicky, Jan"]
[Black "Kudlej, Adam"]
[Result "1-0"]
[WhiteElo "1599"]
[BlackElo "1000"]
[PlyCount "88"]
[EventDate "2015.10.11"]
[EventType "team-tourn"]
[EventRounds "11"]
[EventCountry "SVK"]
[SourceTitle "CBM 170 Extra"]
[Source "ChessBase"]
[SourceDate "2016.02.25"]
[SourceVersion "1"]
[SourceVersionDate "2016.02.25"]
[SourceQuality "1"]
[WhiteTeam "Handlova"]
[BlackTeam "Belusa"]
[WhiteTeamCountry "SVK"]
[BlackTeamCountry "SVK"]

1. c4 e5 2. Nc3 Nf6 3. e4 Bc5 4. Be2 0-0 5. d3 d6 6. a3 c6 7. Nf3 a5 8. Bg5 h6 9. Bh4 Nbd7 10. 0-0 Qe8 11. Na4 Qe6 12. Nxc5 dxc5 13. Bg3 b5 14. Nd2 a4 15. b3 Nb6 16. f4 exf4 17. Rxf4 g5 18. Rf5 Qe7 19. Re5 Qd8 20. Rxc5 Qd4+ 21. Bf2 Qd6 22. cxb5 cxb5 23. Rxb5 Nfd7 24. bxa4 Rxa4 25. Qb3 Ra6 26. d4 Bb7 27. d5 Rfa8 28. Rxb6 Nxb6 29. Bxa6 Rxa6 30. Rb1 Qxa3 31. Qxa3 Rxa3 32. Bxb6 Ba6 33. Bc7 Ra2 34. Nf3 Bc4 35. Rd1 Be2 36. Re1 g4 37. Nh4 Bc4 38. Nf5 h5 39. e5 Kf8 40. d6 Bd5 41. d7 Ra8 42. d8Q+ Rxd8 43. Bxd8 Be6 44. Nd6 Kg8 1-0